[Event "GER-chT U18 Girls"]
[Site "Karlsruhe"]
[Date "2015.05.09"]
[Round "4.4"]
[White "Weiss, Nadine"]
[Black "Mertes, Kathrin"]
[Result "0-1"]
[WhiteElo "1061"]
[BlackElo "1225"]
[PlyCount "88"]
[EventDate "2015.05.07"]
[EventType "team-swiss"]
[EventRounds "7"]
[EventCountry "GER"]
[SourceTitle "EXT 2017"]
[Source "ChessBase"]
[SourceDate "2016.10.25"]
[SourceVersion "1"]
[SourceVersionDate "2016.10.25"]
[SourceQuality "1"]
[WhiteTeam "Bad Mergentheim (W)"]
[BlackTeam "Trier (W)"]
[WhiteTeamCountry "GER"]
[BlackTeamCountry "GER"]

1. Nf3 Nc6 2. g3 e5 3. d3 d5 4. Nbd2 Nf6 5. e4 d4 6. c3 Bc5 7. Nc4 Ng4 8. Bh3 dxc3 9. Bxg4 Bxg4 10. bxc3 Qf6 11. Ncd2 0-0-0 12. Qe2 Bd4 13. Bb2 Bc5 14. h3 Bxf3 15. Nxf3 g5 16. g4 h5 17. Kd2 Qf4+ 18. Kc2 hxg4 19. hxg4 Qxg4 20. Rxh8 Rxh8 21. Rg1 Qe6 22. Nxg5 Qxa2 23. Qg4+ Kb8 24. Ra1 Qxa1 25. Bxa1 Rh2 26. Nxf7 Rxf2+ 27. Kb3 Rxf7 28. Kc4 Bd6 29. Kd5 Nd8 30. Qg5 Kc8 31. Qg4+ Kb8 32. c4 b6 33. Bxe5 Bxe5 34. Kxe5 Re7+ 35. Kf6 Rf7+ 36. Ke5 Nc6+ 37. Kd5 Ne7+ 38. Ke6 Rh7 39. Qg5 Nc6 40. Qg8+ Nd8+ 41. Qxd8+ Kb7 42. Qd5+ c6 43. Qd8 a5 44. e5 a4 0-1

[Event "GER-chT U18 Girls"]
[Site "Germany"]
[Date "2012.05.06"]
[Round "7.4"]
[White "Mertes, Kathrin"]
[Black "Liberis, Angelina"]
[Result "1-0"]
[WhiteElo "1085"]
[BlackElo "800"]
[PlyCount "49"]
[EventDate "2012.05.04"]
[EventType "team-swiss"]
[EventRounds "7"]
[EventCountry "GER"]
[SourceTitle "EXT 2014"]
[Source "ChessBase"]
[SourceDate "2013.11.20"]
[SourceVersion "1"]
[SourceVersionDate "2013.11.20"]
[SourceQuality "1"]
[WhiteTeam "Trier (W)"]
[BlackTeam "Dortmund Kleiner Koenig (W)"]
[WhiteTeamCountry "GER"]
[BlackTeamCountry "GER"]

1. e4 e5 2. Nf3 Nc6 3. Bc4 Nf6 4. Ng5 Qe7 5. 0-0 h6 6. Nxf7 Rg8 7. Nxe5 Nxe5 8. Bxg8 Nxg8 9. Qh5+ Kd8 10. d4 Nf6 11. Qxe5 d6 12. Qf4 Bd7 13. Nc3 a6 14. Bd2 Nh5 15. Qf3 Nf6 16. Rae1 Qf7 17. e5 Ng4 18. Qxf7 Be7 19. Nd5 Bg5 20. Bxg5+ hxg5 21. Qf8+ Be8 22. exd6 Kd7 23. Nb4 Nf6 24. Qe7+ Kc8 25. Qxc7# 1-0

[Event "GER-chT U18 Girls"]
[Site "Germany"]
[Date "2012.05.04"]
[Round "1.3"]
[White "Nikolowa, Cecilia"]
[Black "Mertes, Kathrin"]
[Result "0-1"]
[WhiteElo "800"]
[BlackElo "1085"]
[PlyCount "64"]
[EventDate "2012.05.04"]
[EventType "team-swiss"]
[EventRounds "7"]
[EventCountry "GER"]
[SourceTitle "EXT 2014"]
[Source "ChessBase"]
[SourceDate "2013.11.20"]
[SourceVersion "1"]
[SourceVersionDate "2013.11.20"]
[SourceQuality "1"]
[WhiteTeam "Broderstorf SadC (W)"]
[BlackTeam "Trier (W)"]
[WhiteTeamCountry "GER"]
[BlackTeamCountry "GER"]

1. d4 d5 2. Nf3 Bf5 3. Nc3 Nf6 4. e3 e6 5. Bb5+ Nbd7 6. Ne5 Bb4 7. Nd3 Ba5 8. b4 Bxd3 9. cxd3 Bxb4 10. Bb2 0-0 11. g3 c6 12. Ba4 e5 13. h4 exd4 14. exd4 Re8+ 15. Kd2 b5 16. Bb3 Bxc3+ 17. Bxc3 c5 18. f3 c4 19. Bc2 Rb8 20. Rb1 a5 21. Rb2 b4 22. a3 bxc3+ 23. Kxc3 Rxb2 24. Kxb2 Qb6+ 25. Kc3 cxd3 26. Bxd3 Rc8+ 27. Kd2 Qxd4 28. Re1 Qb2+ 29. Ke3 Re8+ 30. Kf4 Qd4+ 31. Kf5 Re5+ 32. Rxe5 Qxe5# 0-1

[Event "GER-chT U18 Girls reserves"]
[Site "Germany"]
[Date "2011.05.13"]
[Round "1"]
[White "Mertes, Kathrin"]
[Black "Liez, Franziska"]
[Result "0-1"]
[WhiteElo "840"]
[BlackElo "1441"]
[PlyCount "60"]
[EventDate "2011.05.13"]
[EventType "team-swiss"]
[EventRounds "7"]
[EventCountry "GER"]
[SourceTitle "EXT 2012"]
[Source "ChessBase"]
[SourceDate "2011.11.24"]
[SourceVersion "1"]
[SourceVersionDate "2011.11.24"]
[SourceQuality "1"]
[WhiteTeam "Trier (W)"]
[BlackTeam "Limburg Mariens (W)"]
[WhiteTeamCountry "GER"]
[BlackTeamCountry "GER"]

1. e4 e5 2. Nf3 Nc6 3. Bc4 Nf6 4. Nc3 Nxe4 5. Nxe4 d5 6. Neg5 dxc4 7. c3 h6 8. d4 cxd3 9. 0-0 hxg5 10. Re1 Qd5 11. Bxg5 f6 12. Bf4 Bg4 13. b3 0-0-0 14. c4 Qf7 15. Be3 e4 16. Kh1 exf3 17. gxf3 Qh5 18. Bf4 Bxf3+ 19. Kg1 Bxd1 20. Raxd1 Bb4 21. Rf1 Ne5 22. Bg3 Nf3+ 23. Kh1 Nxh2 24. Kg2 Nxf1 25. Rxf1 Qh3+ 26. Kf3 Qxf1 27. Kg4 Rd4+ 28. Kf5 Qh3+ 29. Kg6 Rf8 30. Kxg7 Rg4# 0-1